‘Judgment restores legal principles’: Union environment ministry’s credibility is now on trial (Record no. 531184)

000 -LEADER
fixed length control field 00398nam a22001217a 4500
008 - FIXED-LENGTH DATA ELEMENTS--GENERAL INFORMATION
fixed length control field 250730b ||||| |||| 00| 0 eng d
100 ## - MAIN ENTRY--PERSONAL NAME
Personal name Sinha, Debadityo
245 ## - TITLE STATEMENT
Title ‘Judgment restores legal principles’: Union environment ministry’s credibility is now on trial
260 ## - PUBLICATION, DISTRIBUTION, ETC. (IMPRINT)
Place of publication, distribution, etc Down to Earth
300 ## - PHYSICAL DESCRIPTION
Extent 34(3), Jun 16-30, 2025: p.23-25
773 ## - HOST ITEM ENTRY
Main entry heading Down to Earth
942 ## - ADDED ENTRY ELEMENTS (KOHA)
Item type Articles
Holdings
Withdrawn status Lost status Source of classification or shelving scheme Damaged status Not for loan Permanent location Current location Date acquired Serial Enumeration / chronology Barcode Date last seen Koha item type
          Indian Institute of Public Administration Indian Institute of Public Administration 2025-07-30 34(3), Jun 16-30, 2025: p.23-25 AR136895 2025-07-30 Articles

Powered by Koha